Catálogo
 En Linea

Memoria que al honorable presidente de la República generalisimo doctor Rafael L. Trujillo Molina, benefactor de la patria presenta el mayor general José García, M. M. Secretario de Estado de lo Interior policia. Guerra y Marina, relativa a las labores realizadas en el departamento a su cargo durante el año 1937. (Registro nro. 32818)

Detalles MARC
000 -CABECERA
campo de control de longitud fija 00926nam a2200181 a 4500
001 - NÚMERO DE CONTROL
campo de control 000033327
003 - IDENTIFICADOR DEL NÚMERO DE CONTROL
campo de control OSt
005 - FECHA Y HORA DE LA ÚLTIMA TRANSACCIÓN
campo de control 20201216124721.0
008 - DATOS DE LONGITUD FIJA--INFORMACIÓN GENERAL
campo de control de longitud fija 110824s1937 dr 000 0 spa d
040 ## - FUENTE DE LA CATALOGACIÓN
Centro catalogador/agencia de origen DO-SdBNP
Lengua de catalogación spa
Centro/agencia transcriptor BNPHU
082 #4 - NÚMERO DE LA CLASIFICACIÓN DECIMAL DEWEY
Número de clasificación 355.3
Número de documento/Ítem R426m , 1937
Número de edición 22
110 1# - ENTRADA PRINCIPAL--NOMBRE DE ENTIDAD CORPORATIVA
Nombre de entidad corporativa o nombre de jurisdicción como elemento de entrada República Dominicana
Unidad subordinada Ejercito Nacional.
9 (RLIN) 58919
245 #0 - MENCIÓN DE TÍTULO
Título Memoria que al honorable presidente de la República generalisimo doctor Rafael L. Trujillo Molina, benefactor de la patria presenta el mayor general José García, M. M. Secretario de Estado de lo Interior policia. Guerra y Marina, relativa a las labores realizadas en el departamento a su cargo durante el año 1937.
260 ## - PUBLICACIÓN, DISTRIBUCIÓN, ETC.
Lugar de publicación, distribución, etc. Ciudad Trujillo, República Dominicana :
Nombre del editor, distribuidor, etc. Secretaría de Estado de lo Interior policia. Guerra y Marina,
Fecha de publicación, distribución, etc. 1937.
610 14 - PUNTO DE ACCESO ADICIONAL DE MATERIA--NOMBRE DE ENTIDAD CORPORATIVA
Nombre de entidad corporativa o nombre de jurisdicción como elemento de entrada República Dominicana.
Unidad subordinada Ejercito Nacional .
9 (RLIN) 58697
910 ## - DATOS DE OPCIÓN DEL USUARIO (OCLC)
Datos de opción del usuario Validado. Control de calidad MFF
942 ## - ELEMENTOS DE PUNTO DE ACCESO ADICIONAL (KOHA)
Fuente del sistema de clasificación o colocación Dewey Decimal Classification
Tipo de ítem Koha Libro
Existencias
Estado de retiro Estado de pérdida Fuente del sistema de clasificación o colocación Restricciones de uso No para préstamo Código de colección Localización permanente Ubicación/localización actual Ubicación en estantería Fecha de adquisición Número de inventario Total de préstamos Signatura topográfica completa Código de barras Fecha visto por última vez Precio válido a partir de Tipo de ítem Koha Nota pública
    Dewey Decimal Classification Excluido de préstamo Excluido de préstamo Raros y valiosos Biblioteca Nacional Pedro Henríquez Ureña Patrimonio Dominicano Depósito 24.08.2011 LF1   BNPHU PD-RV 355.3 R426m 1937 33327-10 25.06.2020 25.06.2020 Libro Perteneció a la biblioteca personal de Julio Ortega Frier

Con tecnología Koha